Normal view
MARC view
- Malik Shah Zeb Ali (00000203900)
Entry Personal Name
001 - CONTROL NUMBER
- control field: 116470
003 - CONTROL NUMBER IDENTIFIER
- control field: NUST
005 - DATE AND TIME OF LATEST TRANSACTION
- control field: 20230912165951.0
008 - FIXED-LENGTH DATA ELEMENTS
- fixed length control field: 230912|| aca||aabn | a|a d
040 ## - CATALOGING SOURCE
- Original cataloging agency: NUST
- Transcribing agency: NUST
100 ## - HEADING--PERSONAL NAME
- Personal name: Malik Shah Zeb Ali (00000203900)
670 ## - SOURCE DATA FOUND
- Source citation: Work cat.: (NUST): Malik Shah Zeb Ali (00000203900), A Contactless Method for Measuring Unbalanced Loading of Utility Transformer /, 2019
